LEADER 01224nam a2200313 i 4500 001 000000136199 003 CaOOAMICUS 005 20050318000000.0 008 050318s1992 it u000 u ita u 013 $a109678 040 $aSeMil$bita 100 1 $aStifter, Adalbert.$0(OLS)http://semarc/name/36981 240 10$aKalkstein.$0(OLS)http://semarc/title/199027 245 10$aPietra calcarea /$cAdalbert Stifter ; traduzione di Paola Colombo ; con una nota di Enrico De Angelis. 250 $a2. Ed. 260 $aPalermo :$bSellerio,$c1992. 300 $a116 p. ;$c17 cm. 490 0 $aLa memoria ;$v201 500 $aFondo Card. C.M. Martini. 650 4$aStifter, Adalbert.$0(OLS)http://semarc/subject/26804 700 1 $aDe Angelis, Enrico.$0(OLS)http://semarc/name/7834 700 1 $aColombo, Paola.$0(OLS)http://semarc/name/55468 830 3$aLa memoria ;$v201.$0(OLS)http://semarc/title/10970 850 $aSeMil 852 $aSeMil$W1$xVenegono$y1$m1V I 38$j89817$B89817$CSeMilBibl$Z2$F94606 $81 941 1 $a4 961 $aOmaggio: Martini Card. Carlo Maria 996 $6245$aPietra calcarea$9(OLS)http://semarc/title/199026 996 $6260$aPalermo :$bSellerio$9(OLS)http://semarc/publisher/32246 LEADER 01193nam a2200265 i 4500 001 000000146572 003 CaOOAMICUS 005 20060110000000.0 008 060110s1987 it u000 u eng u 013 $a123383 020 $a88-7653-112-2 040 $aSeMil$bita 100 1 $aHeil, John Paul.$0(OLS)http://semarc/name/37678 245 10$aRomans-Paul's letter of hope /$cJohn Paul Heil, Kenrick Seminary, St. Louis, Missouri. 260 $aRome :$bBiblical Institute Press,$c1987. 300 $aIX, 124 p. ;$c24 cm. 490 0 $aAnalecta Biblica : investigationes scientificae in res biblicas ;$v112 500 $aContiene : Bibliography. 650 4$aBibbia. Nuovo Testamento. Lettera ai Romani - Commentari, studi, critica, interpretazioni.$0(OLS)http://semarc/subject/31 830 0$aAnalecta biblica ;$v112.$0(OLS)http://semarc/title/6 850 $aSeMil 852 $aSeMil$W1$xVenegono$y1$m2HA G 112$j266875$B99217$CSeMilBibl$Z2$F107639 $81 996 $6020$a88-7653-112-2$9(OLS)http://semarc/number/135131 996 $6245$aRomans-Paul's letter of hope$9(OLS)http://semarc/title/214329 996 $6260$aRome :$bBiblical Institute Press$9(OLS)http://semarc/publisher/34219